Новый Вавилон (Запись № 13285962)

Подробности
000 -МАРКЕР
контрольное поле 02559njm0a2200433 4500
001 - ИДЕНТИФИКАТОР ЗАПИСИ
контрольное поле RU\NLR\ONIZ\304268
005 - ИДЕНТИФИКАТОР ВЕРСИИ
контрольное поле 20250708194220.0
035 ## - ДРУГИЕ СИСТЕМНЫЕ НОМЕРА
Идентификатор записи (NLR Aleph) 022274373
071 00 - ИЗДАТЕЛЬСКИЙ НОМЕР
Номер, присвоенный агентством С10-07381-2
100 ## - ДАННЫЕ ОБЩЕЙ ОБРАБОТКИ
Данные общей обработки 20240527d1976 |||y0rusy50 ca
102 ## - СТРАНА ПУБЛИКАЦИИ ИЛИ ПРОИЗВОДСТВА
Страна публикации Российская Федерация
126 ## - ПОЛЕ КОДИРОВАННЫХ ДАННЫХ: ЗВУКОЗАПИСИ - ФИЗИЧЕСКИЕ ХАРАКТЕРИСТИКИ
Кодированные данные звукозаписи (общие) abbxexu ux
Кодированные данные звукозаписи (уточнения) xxx
127 ## - ПОЛЕ КОДИРОВАННЫХ ДАННЫХ: ПРОДОЛЖИТЕЛЬНОСТЬ ЗВУКОЗАПИСЕЙ И НОТНЫХ ИЗДАНИЙ (МУЗЫКАЛЬНОЕ ИСПОЛНЕНИЕ)
Продолжительность 004200
145 0# - ПОЛЕ КОДИРОВАННЫХ ДАННЫХ: СРЕДСТВО ИСПОЛНЕНИЯ МУЗЫКАЛЬНОГО ПРОИЗВЕДЕНИЯ (УСТАРЕВШЕЕ)
Тип средства исполнения b
200 1# - ЗАГЛАВИЕ И СВЕДЕНИЯ ОБ ОТВЕТСТВЕННОСТИ
Основное заглавие Новый Вавилон
Общее обозначение материала Звукозапись
Сведения, относящиеся к заглавию сюита из музыки к кинофильму
Первые сведения об ответственности Д. Шостакович
Последующие сведения об ответственности редакция Г. Рождественского
-- исполняет: Ансамбль солистов Академического симфонического оркестра Московской государственной филармонии, дирижер Геннадий Рождественский
203 ## - ВИД СОДЕРЖАНИЯ И ТИП СРЕДСТВА
Вид содержания Музыка
Дополнительные сведения об издании
Тип средства аудио
210 ## - ПУБЛИКАЦИЯ, РАСПРОСТРАНЕНИЕ И ДР.
Место издания, распространения и т.д. Москва
Имя издателя, распространителя и т. д. Мелодия
Имя изготовителя ВСГ
Место изготовления Москва
Дата издания, распространения и т.д. 1976
215 ## - ФИЗИЧЕСКАЯ ХАРАКТЕРИСТИКА
Специфическое обозначение материала и объем 1 грп. [ГОСТ 5289-73] (42 мин) : 33 об/мин, стерео
Размеры 30 см, в конв.
300 ## - ОБЩИЕ ПРИМЕЧАНИЯ
Текст примечания На конв. коммент. Г. Рождественского
606 1# - НАИМЕНОВАНИЕ ТЕМЫ КАК ПРЕДМЕТ
Наименование темы Сюиты из музыки к кинофильмам для инструментального ансамбля
Географический подзаголовок СССР
Хронологический подзаголовок 20 в.
Формальный подзаголовок Звукозапись
Код системы nlr_sh
-- ca
606 1# - НАИМЕНОВАНИЕ ТЕМЫ КАК ПРЕДМЕТ
Наименование темы Ансамбли смешанного состава
Географический подзаголовок СССР
Хронологический подзаголовок 20 в.
Формальный подзаголовок Звукозапись
Код системы nlr_sh
-- ca
606 1# - НАИМЕНОВАНИЕ ТЕМЫ КАК ПРЕДМЕТ
Наименование темы Дирижёры советские российские
Хронологический подзаголовок 20-21 вв.
Формальный подзаголовок Звукозапись
Код системы nlr_sh
686 0# - ИНДЕКСЫ ДРУГИХ КЛАССИФИКАЦИЙ
Индекс Щ952.1-043(2)
700 #1 - ИМЯ ЛИЦА - ПЕРВИЧНАЯ ОТВЕТСТВЕННОСТЬ
Системный номер авторитетной/нормативной записи z01790
Начальный элемент ввода Шостакович
Часть имени, кроме начального элемента ввода Д. Д.
Даты 1906-1975
Расширение инициалов личного имени Дмитрий Дмитриевич
Код отношения Композитор
Графика поля Кириллица
702 #1 - ИМЯ ЛИЦА - ВТОРИЧНАЯ ОТВЕТСТВЕННОСТЬ
Системный номер авторитетной/нормативной записи z02790
Начальный элемент ввода Рождественский
Часть имени, кроме начального элемента ввода Г. Н.
Даты 1931-2018
Расширение инициалов личного имени Геннадий Николаевич
Код отношения Аранжировщик, Оркестровщик, Реализатор генерал-баса (редуцированной нотации)
-- Дирижер, Руководитель оркестра
Графика поля Кириллица
712 02 - НАИМЕНОВАНИЕ ОРГАНИЗАЦИИ - ВТОРИЧНАЯ ОТВЕТСТВЕННОСТЬ
Начальный элемент ввода Ансамбль солистов Академического симфонического оркестра Московской государственной филармонии
Код отношения Исполнитель
Графика поля Кириллица
790 #1 - ИМЯ ЛИЦА - АЛЬТЕРНАТИВНАЯ ФОРМА
Системный номер авторитетной/нормативной записи z01700
Начальный элемент ввода Šostakovič
Часть имени, кроме начального элемента ввода D. D.
Даты 1906-1975
Расширение инициалов личного имени Dmitrij Dmitrievič
Код отношения Композитор
Графика поля Латинская
790 #1 - ИМЯ ЛИЦА - АЛЬТЕРНАТИВНАЯ ФОРМА
Системный номер авторитетной/нормативной записи z02702
Начальный элемент ввода Roždestvenskij
Часть имени, кроме начального элемента ввода G. N.
Даты 1931-2018
Расширение инициалов личного имени Gennadij Nikolaevič
Код отношения Аранжировщик, Оркестровщик, Реализатор генерал-баса (редуцированной нотации)
-- Дирижер, Руководитель оркестра
Графика поля Латинская
801 #0 - ИСТОЧНИК ЗАПИСИ
Страна Российская Федерация
Организация NLR
Дата составления 20240527
Правила каталогизации PSBO
801 #1 - ИСТОЧНИК ЗАПИСИ
Страна Российская Федерация
Организация NLR
Дата составления 20240527
Источник данных rusmarc
801 #2 - ИСТОЧНИК ЗАПИСИ
Страна Российская Федерация
Организация NLR
Дата составления 20240627
852 ## - МЕСТОНАХОЖДЕНИЕ И ШИФР ХРАНЕНИЯ
Идентификатор организации NLR
Наименование фонда или коллекции (Sub-Location Identifier) Мг
Шифр хранения (Call Number) 3/2844в
Страна
Номер экземпляра 3
852 ## - МЕСТОНАХОЖДЕНИЕ И ШИФР ХРАНЕНИЯ
Идентификатор организации NLR
Наименование фонда или коллекции (Sub-Location Identifier) Мг
Шифр хранения (Call Number) 3/2844б
Страна
Номер экземпляра 2
852 ## - МЕСТОНАХОЖДЕНИЕ И ШИФР ХРАНЕНИЯ
Идентификатор организации NLR
Наименование фонда или коллекции (Sub-Location Identifier) Мг
Шифр хранения (Call Number) 3/2844а
Страна
Номер экземпляра 1
942 ## - ДОПОЛНИТЕЛЬНЫЕ ЭЛЕМЕНТЫ ЗАПИСИ (АБИС)
Тип экземпляра АБИС Звукозапись
980 ## - КОЛЛЕКЦИЯ
Название коллекции Национальная библиография
980 ## - КОЛЛЕКЦИЯ
Название коллекции Отдел нот и звукозаписей
Экземпляры
Тип экземпляра Дата поступления Библиотека постоянного хранения Библиотека текущего хранения Место хранения Шифр хранения Статус экземпляра
Звукозапись 27.05.2024 РНБ (Московский) РНБ (Московский) Фонд нот и звукозаписей 3/2844в 3/2844в  
Звукозапись 27.05.2024 РНБ (Московский) РНБ (Московский) Фонд нот и звукозаписей 3/2844б 3/2844б  
Звукозапись 27.05.2024 РНБ (Московский) РНБ (Московский) Фонд нот и звукозаписей 3/2844а 3/2844а